El gran juego
I tiakina i:
| Kaituhi matua: | |
|---|---|
| Hōputu: | Pukapuka |
| Reo: | Pāniora |
| I whakaputaina: |
Madrid
Visor
1980
|
| Rangatū: | Colección Visor de Poesía, 118
|
| Ngā marau: | |
| Ngā Tūtohu: |
Tāpirihia he Tūtohu
Kāore He Tūtohu, Me noho koe te mea tuatahi ki te tūtohu i tēnei pūkete!
|
MARC
| LEADER | 00000nam a2200000 a 4500 | ||
|---|---|---|---|
| 001 | UCV7549 | ||
| 003 | CL-VaPUC | ||
| 008 | 880915e19800000SP |||||||||||||||||spa|d | ||
| 082 | 0 | 4 | |a 841 |b PER |2 21 |
| 100 | 0 | |a Peret, Benjamin |e author |9 301671 | |
| 245 | 1 | 3 | |a El gran juego |
| 300 | |a 224 p | ||
| 942 | |c BK | ||
| 945 | |d 19880915 00:00:00 | ||
| 260 | |a Madrid |b Visor |c 1980 | ||
| 650 | 0 | |a Poesía francesa |9 264947 | |
| 583 | |a last modification |c 19880915 00:00:00 |k Rodrigo Vera | ||
| 490 | 0 | |a Colección Visor de Poesía, 118 | |
| 999 | |c 213205 |d 213203 | ||
| 952 | |0 0 |1 0 |4 0 |6 841_000000000000000_PER_1980 |7 0 |8 A |9 195334 |a BIBART |b BIBART |d 2019-11-14 |i 1381539 |l 12 |o 841 PER 1980 |p 1381539 |q 2025-07-31 |r 2025-03-13 |s 2024-12-19 |w 2019-11-14 |y BK |k ART | ||